[Event "Sachsen-Anhalt"]
[Site "?"]
[Date "2015.05.14"]
[Round "1.1"]
[White "Deutsch, Joey"]
[Black "Kahe, Ralph"]
[Result "0-1"]
[WhiteElo "1870"]
[BlackElo "2108"]
[PlyCount "88"]
[EventDate "2015.??.??"]
[WhiteTeam "Naumburger SV"]
[BlackTeam "SV Rochade Magdeburg"]

1. d4 Nf6 2. c4 g6 3. Nc3 Bg7 4. e4 d6 5. h3 Nbd7 6. Be3 e5 7. d5 Nc5 8. Qc2
O-O 9. b4 Ncd7 10. Bd3 a5 11. b5 Nc5 12. Nge2 Nfd7 13. g4 Bf6 14. Qd2 Nxd3+ 15.
Qxd3 Bg5 16. Na4 Kg7 17. Ng3 h6 18. Ke2 Bxe3 19. Qxe3 Qg5 20. Rag1 Qxe3+ 21.
Kxe3 Nb6 22. Nb2 a4 23. a3 c6 24. bxc6 bxc6 25. dxc6 Be6 26. Rc1 Rfc8 27. c5
dxc5 28. Rxc5 Nd7 29. Rcc1 Nb8 30. c7 Na6 31. Nc4 Rxc7 32. Nb6 Rb8 33. Rxc7
Nxc7 34. Nxa4 Rb3+ 35. Kd2 Rxa3 36. Nc3 Bc4 37. Rc1 Ne6 38. Nge2 Bxe2 39. Nxe2
Rxh3 40. Ng3 Rh4 41. f3 Rh2+ 42. Ke3 Ra2 43. Rc3 Nf4 44. Rc5 Ra3+ 0-1

[Event "Sachsen-Anhalt"]
[Site "?"]
[Date "2015.05.14"]
[Round "1.2"]
[White "Ozeran, Volodymyr"]
[Black "Paul, Johannes"]
[Result "1/2-1/2"]
[WhiteElo "2063"]
[BlackElo "2207"]
[PlyCount "176"]
[EventDate "2015.??.??"]
[WhiteTeam "SK Dessau"]
[BlackTeam "SG AE Magdeburg"]

1. d4 Nf6 2. Nf3 e6 3. g3 b5 4. Bg2 Bb7 5. O-O Be7 6. Bg5 O-O 7. Nbd2 h6 8.
Bxf6 Bxf6 9. e4 d6 10. e5 Be7 11. Qe2 d5 12. Nb3 b4 13. Qe3 a5 14. Rfd1 Nd7 15.
Ne1 a4 16. Nc5 Nxc5 17. dxc5 c6 18. a3 Qa5 19. axb4 Qxb4 20. Nd3 Qc4 21. c3 a3
22. Qd4 Qb5 23. b4 Ra7 24. Bf1 Qa4 25. Rd2 Ba6 26. Ne1 Bxf1 27. Kxf1 a2 28. Nd3
Qb3 29. Rb2 Qa3 30. Re2 Qb3 31. Nc1 Qb1 32. Rexa2 Qxa1 33. Rxa1 Rxa1 34. Qe3
Rb8 35. Kg2 d4 36. cxd4 Rxb4 37. Ne2 Ra2 38. Nc1 Raa4 39. Qf3 Rxd4 40. Qxc6
Rac4 41. Nb3 Rd3 42. Qe8+ Bf8 43. Na5 Rxc5 44. Nc6 g6 45. Nd8 Rxd8 46. Qxd8
Rxe5 47. h4 h5 48. Qb8 Rf5 49. f3 Kg7 50. Qb2+ Kh7 51. Qc2 Bc5 52. Qe4 Rd5 53.
Qf4 Kg7 54. Qc1 Bd4 55. Qe1 Re5 56. Qd2 Rd5 57. Qe1 Rb5 58. Qd1 Rb2+ 59. Kh3
Be5 60. Qe1 Bd4 61. Qd1 e5 62. Qc1 Re2 63. Qd1 Rf2 64. Qd3 Rb2 65. Qd1 Kf8 66.
Qe1 Ke7 67. Qc1 Kd6 68. Qe1 Rf2 69. Qd1 Kc5 70. Qd3 f5 71. Qa3+ Kb5 72. Qd3+
Kc5 73. Qa3+ Kb5 74. Qd3+ Kc5 75. Qa3+ Kd5 76. Qb3+ Kd6 77. Qa3+ Bc5 78. Qa6+
Kd5 79. Qd3+ Kc6 80. Qa6+ Kd5 81. Qd3+ Bd4 82. Qb3+ Kd6 83. Qa3+ Ke6 84. Qa6+
Kf7 85. Qb7+ Kf6 86. Qc6+ Kg7 87. Qd7+ Kf6 88. Qd6+ Kf7 1/2-1/2

[Event "Sachsen-Anhalt"]
[Site "?"]
[Date "2015.05.14"]
[Round "1.3"]
[White "Domaske, Andreas"]
[Black "Zimmermann, Christian"]
[Result "0-1"]
[WhiteElo "1888"]
[BlackElo "2103"]
[PlyCount "114"]
[EventDate "2015.??.??"]
[WhiteTeam "USV Halle"]
[BlackTeam "Germania Köthen"]

1. d4 Nf6 2. Nf3 g6 3. c4 Bg7 4. Nc3 d5 5. cxd5 Nxd5 6. e4 Nxc3 7. bxc3 c5 8.
h3 Nc6 9. Be3 Qa5 10. Qd2 O-O 11. Rc1 Rd8 12. d5 b6 13. Be2 e6 14. O-O Qa4 15.
Qb2 Ne7 16. dxe6 Bxe6 17. a3 Qxe4 18. Ng5 Qe5 19. Nxe6 Qxe6 20. Rfe1 Qf6 21.
Qb3 Rd6 22. c4 Nf5 23. Bf3 Rad8 24. Bd5 Ne7 25. Bf3 Re6 26. Red1 Nf5 27. Rxd8+
Qxd8 28. Bd5 Re8 29. Rd1 Qc7 30. Qa4 Rd8 31. Bg5 Rd7 32. Bf4 Qc8 33. Kh2 Bd4
34. Qc2 Ne7 35. Bf3 Qa6 36. a4 Qc8 37. Bg4 f5 38. Bf3 Bf6 39. Re1 Rd4 40. g3
Qa6 41. Be5 Bxe5 42. Rxe5 Kf7 43. Qe2 Rd7 44. Qc2 Qa5 45. Qe2 Qxa4 46. g4 Qa1
47. gxf5 Nxf5 48. Bd5+ Kg7 49. Re8 Qf6 50. Qg4 Re7 51. Rc8 Nd6 52. Rg8+ Kh6 53.
f4 Nf5 54. Rd8 Ne3 55. Qf3 Qb2+ 56. Kg3 Nf5+ 57. Kg4 Re3 0-1

[Event "Sachsen-Anhalt"]
[Site "?"]
[Date "2015.05.14"]
[Round "1.4"]
[White "Schuster, Martin"]
[Black "Görgens, Michael"]
[Result "0-1"]
[WhiteElo "2189"]
[BlackElo "2045"]
[PlyCount "76"]
[EventDate "2015.??.??"]
[WhiteTeam "SG Löberitz"]
[BlackTeam "Schönebecker SV"]

1. d4 Nf6 2. c4 d6 3. Nf3 g6 4. Nc3 Bg7 5. e4 O-O 6. h3 Nc6 7. Bg5 h6 8. Be3 e5
9. d5 Ne7 10. g4 Ne8 11. Rg1 Kh7 12. Bd3 c5 13. Qc2 a6 14. a3 Bd7 15. Nd2 Rh8
16. O-O-O Rb8 17. Rdf1 g5 18. h4 f6 19. f4 gxf4 20. Bxf4 Ng6 21. Be3 Nxh4 22.
Rh1 Ng6 23. Nf3 Kg8 24. Rfg1 b5 25. Qd2 b4 26. axb4 Rxb4 27. Bxh6 Qa5 28. Bxg7
Rxh1 29. Rxh1 Nxg7 30. g5 Qa1+ 31. Nb1 Nf4 32. Bf1 f5 33. Qh2 Ngh5 34. g6 fxe4
35. Ng5 Bf5 36. Qc2 e3 37. Qxf5 Qxb2+ 38. Kd1 e2+ 0-1

[Event "Sachsen-Anhalt"]
[Site "?"]
[Date "2015.05.14"]
[Round "2.1"]
[White "Kahe, Ralph"]
[Black "Görgens, Michael"]
[Result "0-1"]
[WhiteElo "2108"]
[BlackElo "2045"]
[PlyCount "114"]
[EventDate "2015.??.??"]
[WhiteTeam "SV Rochade Magdeburg"]
[BlackTeam "Schönebecker SV"]

1. d4 Nf6 2. c4 g6 3. Nc3 Bg7 4. e4 d6 5. f3 O-O 6. Be3 c6 7. Nge2 e5 8. d5 c5
9. g4 a6 10. Ng3 Ne8 11. h4 Bf6 12. Qd2 Bxh4 13. Qh2 g5 14. O-O-O f6 15. Bd3
Rf7 16. Nf1 Nd7 17. Bd2 Nf8 18. Ne3 Ng6 19. Nf5 Bxf5 20. exf5 Nf8 21. Ne4 h6
22. Bc3 Rh7 23. Qe2 Nd7 24. Bc2 Qe7 25. Ba4 Kf7 26. Qc2 Rb8 27. Qe2 Nc7 28. Ba5
b6 29. Bc3 b5 30. Ba5 Nb6 31. Bxb6 Rxb6 32. Bb3 Kf8 33. a4 Qd8 34. Kc2 b4 35.
a5 Rb8 36. Ra1 Ne8 37. Ba4 b3+ 38. Bxb3 Rhb7 39. Ra3 Ke7 40. Rb1 Rb4 41. Qd3
Qc7 42. Ba4 Ng7 43. Bc6 h5 44. b3 hxg4 45. fxg4 Qa7 46. Rh1 Rh8 47. Nxg5 fxg5
48. f6+ Kf7 49. Rf1 Rbb8 50. Raa1 Qc7 51. fxg7+ Kxg7 52. Rf5 Rbf8 53. Raf1 Qxa5
54. Qf3 Qa2+ 55. Kc3 Rxf5 56. Qxf5 Be1+ 57. Kd3 Qd2+ 0-1

[Event "Sachsen-Anhalt"]
[Site "?"]
[Date "2015.05.14"]
[Round "2.2"]
[White "Zimmermann, Christian"]
[Black "Schuster, Martin"]
[Result "0-1"]
[WhiteElo "2103"]
[BlackElo "2189"]
[PlyCount "78"]
[EventDate "2015.??.??"]
[WhiteTeam "Germania Köthen"]
[BlackTeam "SG Löberitz"]

1. e4 c6 2. d4 d5 3. f3 Qb6 4. Nc3 e6 5. Nge2 Nf6 6. Qd3 Be7 7. b3 Na6 8. Be3
Nb4 9. Qd2 dxe4 10. fxe4 Qa5 11. Ng3 Ng4 12. Kd1 Nxe3+ 13. Qxe3 Bg5 14. Qf3 Bd7
15. Bc4 O-O-O 16. Nge2 e5 17. d5 Be6 18. Ke1 cxd5 19. exd5 Nxd5 20. Bxd5 Rxd5
21. Kf2 Rd7 22. Rhe1 Qb6+ 23. Kf1 f5 24. Na4 Qc7 25. Qf2 Be7 26. Qxa7 Rd6 27.
Nec3 Ra6 28. Qe3 e4 29. Rad1 Qxh2 30. Nb6+ Kb8 31. Nd7+ Bxd7 32. Rxd7 Qh1+ 33.
Ke2 Qxg2+ 34. Kd1 Rd8 35. Rxd8+ Bxd8 36. Rg1 Rd6+ 37. Kc1 Qf3 38. Qc5 Qf4+ 39.
Kb2 Bb6 0-1

[Event "Sachsen-Anhalt"]
[Site "?"]
[Date "2015.05.14"]
[Round "2.3"]
[White "Paul, Johannes"]
[Black "Domaske, Andreas"]
[Result "1-0"]
[WhiteElo "2207"]
[BlackElo "1888"]
[PlyCount "145"]
[EventDate "2015.??.??"]
[WhiteTeam "SG AE Magdeburg"]
[BlackTeam "USV Halle"]

1. c4 Nf6 2. g3 c5 3. Bg2 d6 4. Nf3 g6 5. d4 Bg7 6. O-O cxd4 7. Nxd4 O-O 8. Nc3
a6 9. b3 Qc7 10. Bb2 e6 11. Rc1 Bd7 12. Qd2 Bc6 13. Nd5 Nxd5 14. cxd5 exd5 15.
Bxd5 Qd7 16. Nxc6 Bxb2 17. Ne7+ Qxe7 18. Qxb2 a5 19. Rc4 Na6 20. Re4 Qd7 21.
Rd1 Nb4 22. Red4 Rac8 23. Be4 Qe7 24. Qd2 d5 25. Bb1 Rfe8 26. e3 Rf8 27. Kg2
Rfe8 28. h4 h5 29. Qe2 Rc5 30. Qf3 Kg7 31. Qe2 Kg8 32. Qb2 Qe5 33. Qd2 Qe7 34.
Rf4 Nc6 35. Bd3 Ne5 36. Bb1 Nc6 37. Rc1 Rxc1 38. Qxc1 Qe5 39. Bd3 Re7 40. Bb5
Rc7 41. Qd2 Nb4 42. a3 Nc2 43. Be2 Nxa3 44. Qxa5 Nb1 45. Bc4 Rd7 46. Rd4 Nc3
47. Qxc3 dxc4 48. bxc4 Rxd4 49. exd4 Qe4+ 50. Kg1 Qb1+ 51. Kh2 Qa2 52. Kg2 Qe2
53. c5 Qe4+ 54. Kf1 Qb1+ 55. Ke2 Qa2+ 56. Ke3 Qd5 57. Qd3 f5 58. Kf4 Kf7 59.
Qe3 b6 60. cxb6 Qd6+ 61. Qe5 Qxb6 62. Qd5+ Kg7 63. Qe5+ Kf7 64. Qh8 Qb2 65. Kg5
Qxf2 66. Qf6+ Ke8 67. Qxg6+ Kd8 68. Qf6+ Kc7 69. Qe5+ Kd8 70. Kxh5 Qf3+ 71. Kg6
Qg4+ 72. Kf6 Qe4 73. h5 1-0

[Event "Sachsen-Anhalt"]
[Site "?"]
[Date "2015.05.14"]
[Round "2.4"]
[White "Deutsch, Joey"]
[Black "Ozeran, Volodymyr"]
[Result "0-1"]
[WhiteElo "1870"]
[BlackElo "2063"]
[PlyCount "70"]
[EventDate "2015.??.??"]
[WhiteTeam "Naumburger SV"]
[BlackTeam "SK Dessau"]

1. d4 Nf6 2. c4 e6 3. Nc3 d5 4. cxd5 exd5 5. Bg5 Be7 6. Qc2 O-O 7. e3 h6 8. Bh4
c6 9. Bd3 Re8 10. Nge2 Nbd7 11. O-O Ne4 12. Bxe7 Qxe7 13. Rab1 a5 14. a3 Ndf6
15. b4 axb4 16. axb4 Bg4 17. Bxe4 Bxe2 18. Bh7+ Nxh7 19. Qxe2 Nf6 20. Rfc1 Ne4
21. b5 Nd6 22. bxc6 bxc6 23. Rb6 Qd7 24. Rcb1 Nc4 25. Rb7 Qe6 26. Qd3 Ra3 27.
Qc2 Nxe3 28. Qc1 Nc4 29. h3 Qf6 30. R7b4 Ra7 31. Nd1 Re1+ 32. Kh2 Ra2 33. R1b3
Rxf2 34. Qb1 Qf4+ 35. Rg3 Rxg2+ 0-1

[Event "Sachsen-Anhalt"]
[Site "?"]
[Date "2015.05.15"]
[Round "3.1"]
[White "Ozeran, Volodymyr"]
[Black "Kahe, Ralph"]
[Result "1/2-1/2"]
[WhiteElo "2063"]
[BlackElo "2108"]
[PlyCount "175"]
[EventDate "2015.??.??"]
[WhiteTeam "SK Dessau"]
[BlackTeam "SV Rochade Magdeburg"]

1. d4 g6 2. Nf3 Bg7 3. g3 Nf6 4. Bg2 d6 5. O-O O-O 6. c4 Nc6 7. Nc3 a6 8. b3
Rb8 9. Bb2 b5 10. d5 Na5 11. cxb5 axb5 12. Nd4 Bd7 13. e4 e5 14. Nc2 b4 15. Ne2
c5 16. dxc6 Bxc6 17. Qd3 Bb5 18. Qd2 Qb6 19. Bf3 Bc6 20. Qd3 Nb7 21. Ne3 Nc5
22. Qc2 Bxe4 23. Bxe4 Ncxe4 24. Nc4 Qc6 25. Qd3 Rfd8 26. Rad1 Qa8 27. f3 Nc5
28. Qb1 Qa7 29. Kg2 Qa6 30. Rfe1 e4 31. fxe4 Ncxe4 32. Bd4 Qa8 33. Kf1 Ng5 34.
Ng1 Nf3 35. Nxf3 Qxf3+ 36. Kg1 Ng4 37. Qd3 Qxd3 38. Rxd3 d5 39. Nb2 Re8 40.
Rxe8+ Rxe8 41. Bxg7 Kxg7 42. Rd2 Re1+ 43. Kg2 Ne5 44. Kf2 Ra1 45. Nd1 Ng4+ 46.
Ke2 Nxh2 47. Ne3 d4 48. Nd5 d3+ 49. Kf2 Ng4+ 50. Kg2 Ne5 51. Nxb4 f6 52. Kf2 h5
53. a4 Rb1 54. Nxd3 Rxb3 55. Nxe5 fxe5 56. Ra2 Rb6 57. a5 Ra6 58. Kf3 Kf6 59.
Ke4 Ke6 60. Ra1 g5 61. Ra2 h4 62. gxh4 gxh4 63. Ra3 Kf6 64. Rf3+ Kg5 65. Kxe5
Rxa5+ 66. Ke4 Ra2 67. Ke3 Kg4 68. Rf2 Ra3+ 69. Ke2 Kg3 70. Rf8 Ra2+ 71. Kf1 h3
72. Rg8+ Kh2 73. Rh8 Rg2 74. Rh7 Rg5 75. Rh8 Rg4 76. Rh7 Rf4+ 77. Ke2 Kg2 78.
Rg7+ Kh1 79. Rg6 Ra4 80. Kf1 Ra2 81. Rh6 h2 82. Rg6 Ra1+ 83. Kf2 Rg1 84. Ra6
Rb1 85. Rg6 Rb7 86. Rf6 Rb2+ 87. Kf1 Rg2 88. Rf7 1/2-1/2

[Event "Sachsen-Anhalt"]
[Site "?"]
[Date "2015.05.15"]
[Round "3.2"]
[White "Domaske, Andreas"]
[Black "Deutsch, Joey"]
[Result "0-1"]
[WhiteElo "1888"]
[BlackElo "1870"]
[PlyCount "78"]
[EventDate "2015.??.??"]
[WhiteTeam "USV Halle"]
[BlackTeam "Naumburger SV"]

1. d4 Nf6 2. c4 g6 3. Nc3 Bg7 4. e4 d6 5. Nf3 O-O 6. Be3 e5 7. dxe5 dxe5 8.
Qxd8 Rxd8 9. Nd5 Na6 10. O-O-O Bg4 11. h3 Bxf3 12. gxf3 c6 13. Nxf6+ Bxf6 14.
Be2 Nc7 15. Rxd8+ Bxd8 16. f4 exf4 17. Bxf4 Ne6 18. Be3 Bg5 19. Bxg5 Nxg5 20.
f3 Rd8 21. h4 Ne6 22. b4 Nf4 23. Bf1 c5 24. bxc5 Rc8 25. Rh2 Rxc5 26. Rb2 b6
27. Rb5 Rxb5 28. cxb5 f6 29. Kd2 g5 30. Ke3 Kf7 31. hxg5 fxg5 32. Kf2 Kf6 33.
Kg3 h5 34. Bh3 Ne2+ 35. Kf2 Nc3 36. Bd7 Nxa2 37. Ke3 Ke5 38. Kd3 Nc1+ 39. Ke3
Nb3 0-1

[Event "Sachsen-Anhalt"]
[Site "?"]
[Date "2015.05.15"]
[Round "3.3"]
[White "Schuster, Martin"]
[Black "Paul, Johannes"]
[Result "0-1"]
[WhiteElo "2189"]
[BlackElo "2207"]
[PlyCount "122"]
[EventDate "2015.??.??"]
[WhiteTeam "SG Löberitz"]
[BlackTeam "SG AE Magdeburg"]

1. e4 e6 2. d4 d5 3. Nd2 c5 4. exd5 Qxd5 5. dxc5 Qxc5 6. Ngf3 Nf6 7. Bd3 Qc7 8.
Qe2 Nbd7 9. O-O Nc5 10. Bb5+ Bd7 11. Ne5 Bxb5 12. Qxb5+ Ncd7 13. Nxd7 Qxd7 14.
Qb3 Qd5 15. c4 Qc6 16. Nf3 Bc5 17. Ne5 Qc7 18. Qb5+ Ke7 19. Nf3 Qb6 20. Qxb6
Bxb6 21. b4 Rhd8 22. Bb2 a5 23. a3 Rd3 24. Rfd1 Rad8 25. Rxd3 Rxd3 26. Be5 axb4
27. axb4 Rb3 28. c5 Bd8 29. Bd6+ Ke8 30. h3 Ne4 31. Ra4 Nxd6 32. cxd6 f6 33.
Nd2 Rb2 34. Ne4 b6 35. g4 f5 36. gxf5 exf5 37. Nc3 Kd7 38. Ra7+ Kxd6 39. Rxg7
Bf6 40. Nb5+ Ke5 41. Rb7 Bh4 42. Rxh7 Bxf2+ 43. Kf1 Ke4 44. Rc7 Be3 45. Rc3 f4
46. Na3 Kf3 47. Nc2 Rb1+ 48. Ne1+ Kg3 49. Ke2 Rxb4 50. Rc7 Rb2+ 51. Nc2 Bc5 52.
Rg7+ Kh2 53. Kf3 Rxc2 54. h4 Be3 55. h5 Rc6 56. Rg6 Rc8 57. h6 Rh8 58. Kg4 Kg2
59. Kf5+ Kf2 60. Rc6 f3 61. Rc2+ Kg3 0-1

[Event "Sachsen-Anhalt"]
[Site "?"]
[Date "2015.05.15"]
[Round "3.4"]
[White "Görgens, Michael"]
[Black "Zimmermann, Christian"]
[Result "0-1"]
[WhiteElo "2045"]
[BlackElo "2103"]
[PlyCount "120"]
[EventDate "2015.??.??"]
[WhiteTeam "Schönebecker SV"]
[BlackTeam "Germania Köthen"]

1. e4 c5 2. Nc3 Nc6 3. g3 g6 4. Bg2 Bg7 5. d3 e6 6. f4 d6 7. Nf3 Nge7 8. O-O
O-O 9. Be3 b6 10. Qd2 Ba6 11. f5 exf5 12. Bh6 fxe4 13. Bxg7 Kxg7 14. Ng5 Bc8
15. Ncxe4 d5 16. Qf4 f5 17. Nd6 Rf6 18. Nxc8 Rxc8 19. Rae1 Qd6 20. Qa4 h6 21.
Nh3 g5 22. c3 Re6 23. Qd1 d4 24. Rxe6 Qxe6 25. c4 Ng6 26. Re1 Nce5 27. Nf2 Re8
28. Kf1 Qd7 29. b3 Re7 30. Bd5 Re8 31. Qc1 Rf8 32. h3 Qe7 33. Qa3 h5 34. Qc1 h4
35. gxh4 Nxh4 36. Rxe5 Qxe5 37. Qxg5+ Ng6 38. Bf3 Qf4 39. Qg2 Kf6 40. Bh5 Ne5
41. h4 Qxh4 42. Qd5 Qxh5 43. Qd6+ Kf7 44. Qd5+ Kg6 45. Qxe5 Qg5 46. Nh3 Qc1+
47. Kg2 Rg8 48. Kh2 Qd2+ 49. Kh1 Qh6 50. Kh2 Qh5 51. Qe7 Kh6 52. Qf6+ Kh7 53.
Qe7+ Rg7 54. Qe1 Qg4 55. Qf2 f4 56. Ng1 Qg3+ 57. Qxg3 Rxg3 58. Ne2 Rxd3 59.
Nxf4 Rd2+ 60. Kg3 Rxa2 0-1

[Event "Sachsen-Anhalt"]
[Site "?"]
[Date "2015.05.15"]
[Round "4.1"]
[White "Kahe, Ralph"]
[Black "Zimmermann, Christian"]
[Result "1-0"]
[WhiteElo "2108"]
[BlackElo "2103"]
[PlyCount "63"]
[EventDate "2015.??.??"]
[WhiteTeam "SV Rochade Magdeburg"]
[BlackTeam "Germania Köthen"]

1. d4 Nf6 2. c4 g6 3. Nc3 d5 4. Qb3 dxc4 5. Qxc4 Nbd7 6. e4 Nb6 7. Qd3 Bg7 8.
Nf3 O-O 9. Be2 c6 10. O-O Qc7 11. Qc2 Bg4 12. Rd1 Rad8 13. a4 Nh5 14. a5 Nc8
15. Nd5 Qb8 16. Ne3 Bxf3 17. Bxf3 Nf4 18. e5 Ne6 19. Ra4 c5 20. dxc5 Bxe5 21.
Nf1 Nd4 22. Qe4 Nxf3+ 23. Qxf3 Rxd1 24. Qxd1 Qc7 25. b4 Rd8 26. Qf3 Qd7 27. Ra2
Qb5 28. Rd2 Rxd2 29. Bxd2 e6 30. Qe4 Bg7 31. Qf4 a6 32. Qc7 1-0

[Event "Sachsen-Anhalt"]
[Site "?"]
[Date "2015.05.15"]
[Round "4.2"]
[White "Paul, Johannes"]
[Black "Görgens, Michael"]
[Result "1/2-1/2"]
[WhiteElo "2207"]
[BlackElo "2045"]
[PlyCount "142"]
[EventDate "2015.??.??"]
[WhiteTeam "SG AE Magdeburg"]
[BlackTeam "Schönebecker SV"]

1. d4 d5 2. c4 e6 3. Nc3 Nf6 4. cxd5 exd5 5. Bg5 Be7 6. e3 c6 7. Qc2 Bg4 8. Bd3
Nbd7 9. f4 Nf8 10. f5 Nh5 11. Bxe7 Qxe7 12. Kd2 g6 13. Nge2 Ng7 14. Ng3 O-O-O
15. Rae1 Kb8 16. Kc1 Qg5 17. Kb1 h5 18. h4 Qf6 19. Qf2 g5 20. hxg5 Qxg5 21.
Qf4+ Qxf4 22. exf4 Rd7 23. Na4 Nh7 24. Nc5 Rc7 25. b4 Nf6 26. Re5 Nd7 27. Nxd7+
Rxd7 28. Kc2 f6 29. Ree1 Kc7 30. Rh4 Kd8 31. Reh1 Re8 32. Kd2 Rde7 33. Rxg4
hxg4 34. Rh4 Rg8 35. Rxg4 Rh8 36. Rg6 Ne8 37. Ne2 Rg7 38. g4 Ke7 39. Ng1 Kf7
40. Nf3 Rh3 41. Ke2 Rxg6 42. fxg6+ Kg7 43. a4 Nd6 44. a5 Ne4 45. f5 Ng5 46. Nd2
Rg3 47. a6 b6 48. b5 cxb5 49. Bxb5 Rxg4 50. Kd3 Rg3+ 51. Kc2 Nh3 52. Nb1 Rg2+
53. Kb3 Rg4 54. Nc3 Rxd4 55. Bd7 Nf4 56. Nb5 Rd3+ 57. Kb4 Re3 58. Nxa7 Re7 59.
Nc6 Rxd7 60. a7 Rxa7 61. Nxa7 Ne2 62. Nc8 Ng3 63. Nd6 Nxf5 64. Nxf5+ Kxg6 65.
Ne7+ Kf7 66. Nxd5 f5 67. Nxb6 Ke6 68. Kc3 Ke5 69. Kd3 f4 70. Ke2 Ke4 71. Kf2
Ke5 1/2-1/2

[Event "Sachsen-Anhalt"]
[Site "?"]
[Date "2015.05.15"]
[Round "4.3"]
[White "Deutsch, Joey"]
[Black "Schuster, Martin"]
[Result "1/2-1/2"]
[WhiteElo "1870"]
[BlackElo "2189"]
[PlyCount "86"]
[EventDate "2015.??.??"]
[WhiteTeam "Naumburger SV"]
[BlackTeam "SG Löberitz"]

1. d4 Nf6 2. c4 e6 3. Nf3 d5 4. cxd5 exd5 5. Nc3 c6 6. Qc2 Be7 7. Bg5 Nbd7 8.
e3 O-O 9. Bd3 Re8 10. O-O Nf8 11. Ne5 Ng4 12. Bxe7 Qxe7 13. Nxg4 Bxg4 14. Rab1
Bh5 15. b4 a6 16. a4 Bg6 17. Rfc1 Red8 18. Ne2 Bxd3 19. Qxd3 Ne6 20. Qd2 Ng5
21. Ng3 Rac8 22. Rb2 g6 23. Rbc2 h5 24. b5 axb5 25. axb5 h4 26. Ne2 h3 27. Ng3
hxg2 28. Qe2 Qd7 29. bxc6 Rxc6 30. Rxc6 bxc6 31. h4 Ne4 32. Kxg2 Nd6 33. Qf3
Kg7 34. Rh1 Rh8 35. h5 Qe6 36. hxg6 Rxh1 37. Nxh1 Nf5 38. Qf4 fxg6 39. Ng3 Nd6
40. Kh2 Nf7 41. Kg2 Nd6 42. Kh2 Nf7 43. Kg2 Nd6 1/2-1/2

[Event "Sachsen-Anhalt"]
[Site "?"]
[Date "2015.05.15"]
[Round "4.4"]
[White "Ozeran, Volodymyr"]
[Black "Domaske, Andreas"]
[Result "1-0"]
[WhiteElo "2063"]
[BlackElo "1888"]
[PlyCount "131"]
[EventDate "2015.??.??"]
[WhiteTeam "SK Dessau"]
[BlackTeam "USV Halle"]

1. d4 Nf6 2. Nf3 d5 3. g3 e6 4. Bg2 c5 5. O-O cxd4 6. b3 Nc6 7. Nxd4 Nxd4 8.
Qxd4 Be7 9. Bb2 O-O 10. Nd2 Ne8 11. Qd3 Bf6 12. Bxf6 Nxf6 13. c4 dxc4 14. Qxd8
Rxd8 15. Nxc4 Rb8 16. Na5 e5 17. Rfd1 Re8 18. Nc4 Bg4 19. Nd6 Re7 20. Nxb7 Bxe2
21. Rd2 Bg4 22. h3 Bxh3 23. Bxh3 Rbxb7 24. Rd8+ Re8 25. Rxe8+ Nxe8 26. Rd1 Kf8
27. Rd5 f6 28. Bf1 Ke7 29. Ba6 Rc7 30. b4 Nd6 31. a4 Ke6 32. Rd1 Rc3 33. Rb1
Ra3 34. a5 f5 35. Bf1 g5 36. a6 Ne4 37. Bc4+ Kd6 38. Rd1+ Kc7 39. Be6 Nd6 40.
Rd5 Rxa6 41. Rxe5 Rb6 42. Bxf5 Nxf5 43. Rxf5 h6 44. Rf7+ Kb8 45. Rh7 a6 46. Kf1
Re6 47. f3 Kc8 48. Kf2 Kd8 49. Kg2 Rb6 50. Kh3 Ke8 51. Ra7 Rxb4 52. Rxa6 h5 53.
Rg6 g4+ 54. fxg4 hxg4+ 55. Rxg4 Rb1 56. Rf4 Rh1+ 57. Kg4 Rh7 58. Rf5 Rg7+ 59.
Kf4 Rc7 60. g4 Rc1 61. Kg5 Rg1 62. Rf4 Ke7 63. Kg6 Rc1 64. g5 Rc6+ 65. Kg7 Rc5
66. Re4+ 1-0

[Event "Sachsen-Anhalt"]
[Site "?"]
[Date "2015.05.16"]
[Round "5.1"]
[White "Domaske, Andreas"]
[Black "Kahe, Ralph"]
[Result "1/2-1/2"]
[WhiteElo "1888"]
[BlackElo "2108"]
[PlyCount "133"]
[EventDate "2015.??.??"]
[WhiteTeam "USV Halle"]
[BlackTeam "SV Rochade Magdeburg"]

1. d4 Nf6 2. c4 g6 3. Nc3 Bg7 4. e4 d6 5. Nf3 Bg4 6. Be2 Nc6 7. h3 Bxf3 8. Bxf3
O-O 9. Bg5 h6 10. Be3 e5 11. d5 Nd4 12. Qd2 c5 13. dxc6 bxc6 14. O-O Nxf3+ 15.
gxf3 Qd7 16. Kh2 Nh5 17. Bxh6 Kh7 18. Bg5 f6 19. Be3 Rh8 20. Rad1 Nf4 21. Rh1
Kg8 22. Kg1 Nxh3+ 23. Kf1 Bf8 24. c5 g5 25. Ke2 Rd8 26. cxd6 Qb7 27. Qc2 Qa6+
28. Kd2 Rxd6+ 29. Kc1 Rxd1+ 30. Rxd1 Qb7 31. Qa4 Rh7 32. Qc4+ Rf7 33. Na4 Nf4
34. Nc5 Bxc5 35. Bxc5 Qb5 36. Qxb5 cxb5 37. Rd8+ Kg7 38. b4 Ne6 39. Rc8 Rd7 40.
Kc2 Kf7 41. Rc6 g4 42. fxg4 Ng5 43. f3 Nxf3 44. Ra6 Ng5 45. Rxa7 Rxa7 46. Bxa7
Nxe4 47. Kb3 Ke6 48. a4 Nd6 49. a5 Kd7 50. Be3 Kc6 51. g5 fxg5 52. Bxg5 Ne8 53.
Be3 Nc7 54. Kc2 Kd5 55. Kd1 Kc4 56. Bd2 Kd3 57. Ke1 Na6 58. Kd1 e4 59. Be1 e3
60. Bd2 Ke4 61. Bc3 Kd3 62. Bd2 Nb8 63. Be1 e2+ 64. Kc1 Na6 65. Kb2 Kc4 66. Kc2
Nxb4+ 67. Kd2 1/2-1/2

[Event "Sachsen-Anhalt"]
[Site "?"]
[Date "2015.05.16"]
[Round "5.2"]
[White "Schuster, Martin"]
[Black "Ozeran, Volodymyr"]
[Result "1-0"]
[WhiteElo "2189"]
[BlackElo "2063"]
[PlyCount "69"]
[EventDate "2015.??.??"]
[WhiteTeam "SG Löberitz"]
[BlackTeam "SK Dessau"]

1. e4 c6 2. d4 d5 3. Nd2 dxe4 4. Nxe4 Nd7 5. Ng5 e6 6. Bd3 Ngf6 7. N1f3 Bd6 8.
Qe2 h6 9. Ne4 Nxe4 10. Qxe4 Nf6 11. Qe2 Qc7 12. Bd2 c5 13. dxc5 Bxc5 14. Ne5
Bd4 15. Bb5+ Kf8 16. Nd3 a6 17. Ba4 Bd7 18. Bb3 Bc6 19. c3 Bb6 20. Bf4 Qe7 21.
O-O Nd5 22. Bg3 h5 23. Bxd5 Bxd5 24. Nb4 Rd8 25. Nxd5 Rxd5 26. Rad1 h4 27. Be5
f6 28. Bf4 h3 29. Rxd5 exd5 30. Qf3 Qe4 31. Qxe4 dxe4 32. Re1 f5 33. Rd1 Ke7
34. Rd5 Ke6 35. Rd6+ 1-0

[Event "Sachsen-Anhalt"]
[Site "?"]
[Date "2015.05.16"]
[Round "5.3"]
[White "Görgens, Michael"]
[Black "Deutsch, Joey"]
[Result "1/2-1/2"]
[WhiteElo "2045"]
[BlackElo "1870"]
[PlyCount "83"]
[EventDate "2015.??.??"]
[WhiteTeam "Schönebecker SV"]
[BlackTeam "Naumburger SV"]

1. e4 e6 2. d4 d5 3. Nc3 Bb4 4. a3 Bxc3+ 5. bxc3 dxe4 6. Qg4 Nf6 7. Qxg7 Rg8 8.
Qh6 Rg6 9. Qh4 c5 10. Bg5 Qa5 11. Ne2 Nbd7 12. Bd2 c4 13. h3 b5 14. Nf4 Rg8 15.
g4 Bb7 16. Bg2 e3 17. Bxb7 exd2+ 18. Kxd2 Rd8 19. g5 Ne5 20. Ne2 Nd5 21. Bxd5
Rxd5 22. Qxh7 Rg6 23. f4 Nc6 24. Ke3 e5 25. fxe5 Nxe5 26. Qh8+ Ke7 27. dxe5 Re6
28. Kf4 Qc7 29. Nd4 Rexe5 30. Rae1 Rxe1+ 31. Kg4 Rxh1 32. Qf6+ Ke8 33. h4 Rxd4+
34. cxd4 Rg1+ 35. Kh5 Qe7 36. Qc6+ Qd7 37. Qe4+ Kf8 38. d5 Rd1 39. Qe5 Rxd5 40.
Qh8+ Ke7 41. Qf6+ Ke8 42. Qh8+ 1/2-1/2

[Event "Sachsen-Anhalt"]
[Site "?"]
[Date "2015.05.16"]
[Round "5.4"]
[White "Zimmermann, Christian"]
[Black "Paul, Johannes"]
[Result "1/2-1/2"]
[WhiteElo "2103"]
[BlackElo "2207"]
[PlyCount "120"]
[EventDate "2015.??.??"]
[WhiteTeam "Germania Köthen"]
[BlackTeam "SG AE Magdeburg"]

1. e4 e6 2. d4 d5 3. Nc3 Bb4 4. e5 c5 5. a3 Bxc3+ 6. bxc3 Ne7 7. Qg4 O-O 8. Bd3
Nbc6 9. Qh5 Ng6 10. Nf3 Qc7 11. Be3 c4 12. Bxg6 fxg6 13. Qh4 Bd7 14. Ng5 h6 15.
Nf3 Be8 16. Qg3 b5 17. Nh4 g5 18. Nf3 Bh5 19. h4 g4 20. Nh2 Qf7 21. Nxg4 Qg6
22. f3 Ne7 23. Kd2 Nf5 24. Qh3 Bxg4 25. Qxg4 Qxg4 26. fxg4 Ng3 27. Rh3 Ne4+ 28.
Ke1 Rf7 29. a4 bxa4 30. Rxa4 Rb8 31. Rb4 Rbf8 32. Ke2 Nxc3+ 33. Kd2 Ne4+ 34.
Ke2 Ra8 35. Rf3 a5 36. Rb6 a4 37. Bc1 c3 38. Ba3 Rxf3 39. gxf3 Nd2 40. Rxe6 Nc4
41. Bb4 a3 42. Bxc3 Rb8 43. Ra6 h5 44. g5 Rb6 45. Rxb6 Nxb6 46. g6 Nc8 47. Kd1
Ne7 48. Kc1 Nxg6 49. Be1 Nf4 50. Kb1 Ng2 51. Bf2 g5 52. hxg5 h4 53. Bxh4 Nxh4
54. f4 Kf7 55. Ka2 Ke6 56. Kxa3 Ng6 57. Kb4 Nxf4 58. c4 dxc4 59. Kxc4 Ng6 60.
Kc5 Nxe5 1/2-1/2